5HLuxD.jpg

KING HENRY VIII SENIOR AND PRIMARY SCHOOL LIBRARY OPAC

The world's worst earthquakes / (Record no. 1436)

000 -LEADER
fixed length control field 01958cam a2200349 i 4500
001 - CONTROL NUMBER
control field 18925188
003 - CONTROL NUMBER IDENTIFIER
control field OSt
005 - DATE AND TIME OF LATEST TRANSACTION
control field 20221229143722.0
008 - FIXED-LENGTH DATA ELEMENTS--GENERAL INFORMATION
fixed length control field 160104s2017 mnua j b 001 0 eng
010 ## - LIBRARY OF CONGRESS CONTROL NUMBER
LC control number 2015049411
020 ## - INTERNATIONAL STANDARD BOOK NUMBER
International Standard Book Number 9781515717904 (paperback)
040 ## - CATALOGING SOURCE
Original cataloging agency DLC
Language of cataloging eng
Transcribing agency DLC
Description conventions rda
Modifying agency DLC
-- KH8
042 ## - AUTHENTICATION CODE
Authentication code pcc
082 00 - DEWEY DECIMAL CLASSIFICATION NUMBER
Classification number 551.2209 BAK
Edition number 23
100 1# - MAIN ENTRY--PERSONAL NAME
Personal name Baker, John R.
Fuller form of name (John Ronald),
Dates associated with a name 1989-
Relator term Author
245 14 - TITLE STATEMENT
Title The world's worst earthquakes /
Statement of responsibility, etc. by John R. Baker.
264 #1 - PRODUCTION, PUBLICATION, DISTRIBUTION, MANUFACTURE, AND COPYRIGHT NOTICE
Place of production, publication, distribution, manufacture Mankato, Minnesota :
Name of producer, publisher, distributor, manufacturer Capstone Press,
Date of production, publication, distribution, manufacture, or copyright notice 2017.
300 ## - PHYSICAL DESCRIPTION
Extent 32 pages :
Other physical details color illustrations ;
Dimensions 24 cm
336 ## - CONTENT TYPE
Content type term text
Content type code txt
Source rdacontent
337 ## - MEDIA TYPE
Media type term unmediated
Media type code n
Source rdamedia
338 ## - CARRIER TYPE
Carrier type term volume
Carrier type code nc
Source rdacarrier
490 0# - SERIES STATEMENT
Series statement Blazers. The world's worst natural disasters
504 ## - BIBLIOGRAPHY, ETC. NOTE
Bibliography, etc. note Includes bibliographical references (page 31) and index.
505 0# - FORMATTED CONTENTS NOTE
Formatted contents note Earth-shaking power -- Disaster in Haiti -- Topping the scale -- History's deadliest quake -- Nepal tragedy -- The Great San Francisco Earthquake -- Chinese landslides -- Record quake in Indonesia -- On shaky ground -- Terror in Turkey -- Good Friday earthquake -- Japanese disasters -- Surviving an earthquake -- Glossary.
520 2# - SUMMARY, ETC.
Summary, etc. "Describes history's biggest and most destructive earthquakes from around the world"--
Assigning source Provided by publisher.
521 2# - TARGET AUDIENCE NOTE
Target audience note Grades 4 to 6.
650 #0 - SUBJECT ADDED ENTRY--TOPICAL TERM
Topical term or geographic name entry element Earthquakes
General subdivision History
Form subdivision Juvenile literature.
776 08 - ADDITIONAL PHYSICAL FORM ENTRY
Relationship information Online version:
Main entry heading Baker, John R. (John Ronald), 1989-
Title World's worst earthquakes
Place, publisher, and date of publication Mankato, Minnesota : Capstone Press, 2017
International Standard Book Number 9781515717942
Record control number (DLC) 2016000443
906 ## - LOCAL DATA ELEMENT F, LDF (RLIN)
a 7
b cbc
c orignew
d 1
e ecip
f 20
g y-gencatlg
942 ## - ADDED ENTRY ELEMENTS (KOHA)
Source of classification or shelving scheme
Koha item type Books - Non Ficton
Holdings
Withdrawn status Lost status Source of classification or shelving scheme Damaged status Not for loan Collection code Permanent Location Current Location Shelving location Date acquired Total Checkouts Full call number Barcode Date due Date last seen Date last checked out Price effective from Koha item type
          Non-Fiction KH8 Primary School Library KH8 Primary School Library Non Fiction 2022-12-29 15 551.2209 BAK KHPL000003215 2026-04-23 2026-04-15 2026-04-15 2022-12-29 Books - Non Ficton

Powered By KH8 IT Dept